ENCICLOPÉDIA de estudos euclidianos (Record no. 140454)

MARC details
000 -LÍDER
campo de controle de tamanho fixo 00627 a2200181 4500
001 - NÚMERO DE CONTROLE
campo de controle 140454
040 ## - FONTE DA CATALOGAÇÃO
Instituição que transcreveu o registro Leonardo Da Vinci
041 ## - CÓDIGO DE IDIOMA
Código do idioma do texto/trilha sonora ou título diferente Português
082 ## - CDD - CLASSIFICAÇÃO DECIMAL DE DEWEY
Número de Classificação 869.93 C977en
Número do exemplar C977en
245 ## - TÍTULO
Título ENCICLOPÉDIA de estudos euclidianos
250 ## - EDIÇÃO
Edição v.1
260 ## - PUBLICAÇÃO, DISTRIBUIÇÃO, ETC.
Nome do editor, distribuidor, etc. Jundiaí
Data da publicação, distribuição, etc. 1982
Local de publicação, distribuição, etc. Jundiá
300 ## - DESCRIÇÃO FÍSICA
Extensão 232
362 ## - DATAS DE PUBLICAÇÃO E/OU DESIGNAÇÃO SEQUENCIAL
Datas de publicação e/ou designação sequencial 19820000
500 ## - NOTA GERAL
Nota geral Adelino Brandão (Organização e Coordenação)
-- 80. aniversário da primeira edição de Os sertões. Inclui vida e<br/>obra do autor. A Biblioteca possui o volume 1
697 ## - ENTRADA DE ASSUNTO LOCAL--ENTIDADE COLETIVA (RLIN)
Nome corporativo ou nome da jurisdição Literatura
-- Cunha, Euclides da
-- Crítica
-- Interpretação
-- Os Sertões
-- Brasil
942 ## - ELEMENTOS DE ENTRADA ADICIONADOS (KOHA)
Tipo de material Koha Livros
Holdings
Situação do descarte Situação das perdas Situação física Não pode ser emprestado Biblioteca de origem Biblioteca atual Data de aquisição Total de empréstimos Número de chamada completo Código de barras Data de último acesso Data do preço efetivo Tipo de material Koha
        Leonardo Da Vinci - Osasco Leonardo Da Vinci - Osasco 27/03/2024   869.93 C977en O003674 27/03/2024 27/03/2024 Livros